Catálogo
 En Linea

Psicología y desarrollo personal : (Registro nro. 54607)

Detalles MARC
000 -CABECERA
campo de control de longitud fija 01102nam a2200301 i 4500
001 - NÚMERO DE CONTROL
campo de control 000026761
003 - IDENTIFICADOR DEL NÚMERO DE CONTROL
campo de control DO-SdBNP
005 - FECHA Y HORA DE LA ÚLTIMA TRANSACCIÓN
campo de control 20230904115354.0
007 - CAMPO FIJO DE DESCRIPCIÓN FÍSICA--INFORMACIÓN GENERAL
campo de control de longitud fija ta
008 - DATOS DE LONGITUD FIJA--INFORMACIÓN GENERAL
campo de control de longitud fija 110325s197 dr ac 000 0 spa d
040 ## - FUENTE DE LA CATALOGACIÓN
Centro catalogador/agencia de origen DO-SdBNP
Lengua de catalogación spa
Centro/agencia transcriptor BNPHU
Normas de descripción rda
082 ## - NÚMERO DE LA CLASIFICACIÓN DECIMAL DEWEY
Número de clasificación 150
Número de documento/Ítem P974d
Número de edición 22
100 ## - ENTRADA PRINCIPAL--NOMBRE DE PERSONA
Nombre de persona Cruz, José Reinaldo
9 (RLIN) 53867
245 00 - MENCIÓN DE TÍTULO
Título Psicología y desarrollo personal :
Resto del título una psicología para el dominicano joven /
Mención de responsabilidad, etc. José Reinaldo Cruz, Enrique A. Fernández P.,Oscar Eduardo Hungria C., Marcos Aurelio Juliao R.
264 ## - PRODUCCIÓN, PUBLICACIÓN, DISTRIBUCIÓN, FABRICACIÓN Y COPYRIGHT
Producción, publicación, distribución, fabricación y copyright Santo Domingo :
Nombre del de productor, editor, distribuidor, fabricante La Salle,
Fecha de producción, publicación, distribución, fabricación o copyright 1975.
300 ## - DESCRIPCIÓN FÍSICA
Extensión 177 paginas. :
Otras características físicas ilustraciones., retratos. ;
Dimensiones 22 cm.
336 ## - TIPO DE CONTENIDO
Fuente rdacontent
Término de tipo de contenido texto
Código de tipo de contenido txt
337 ## - TIPO DE MEDIO
Fuente rdamedia
Nombre/término del tipo de medio sin mediación
Código del tipo de medio n
338 ## - TIPO DE SOPORTE
Fuente rdacarrier
Nombre/término del tipo de soporte volumen
Código del tipo de soporte nc
504 ## - NOTA DE BIBLIOGRAFÍA, ETC.
Nota de bibliografía, etc. Incluye referencias bibliográficas al pie de las páginas
590 ## - NOTA LOCAL (RLIN)
Nota local Inventariado, 2023 / DG
650 ## - PUNTO DE ACCESO ADICIONAL DE MATERIA--TÉRMINO DE MATERIA
Término de materia o nombre geográfico como elemento de entrada Psicología
700 12 - PUNTO DE ACCESO ADICIONAL--NOMBRE DE PERSONA
Nombre de persona Fernández P., Enrique A.
9 (RLIN) 53867
Término indicativo de función/relación autor
700 12 - PUNTO DE ACCESO ADICIONAL--NOMBRE DE PERSONA
Nombre de persona Hungria C, Oscar Eduardo
Término indicativo de función/relación autor
9 (RLIN) 84046
700 12 - PUNTO DE ACCESO ADICIONAL--NOMBRE DE PERSONA
Nombre de persona Juliao R., Marcos Aurelio
Término indicativo de función/relación autor
9 (RLIN) 84047
910 ## - DATOS DE OPCIÓN DEL USUARIO (OCLC)
Datos de opción del usuario DG
942 ## - ELEMENTOS DE PUNTO DE ACCESO ADICIONAL (KOHA)
Fuente del sistema de clasificación o colocación Dewey Decimal Classification
Tipo de ítem Koha Libro
Existencias
Estado de retiro Estado de pérdida Fuente del sistema de clasificación o colocación Restricciones de uso No para préstamo Código de colección Localización permanente Ubicación/localización actual Ubicación en estantería Fecha de adquisición Fuente de adquisición Total de préstamos Signatura topográfica completa Código de barras Fecha visto por última vez Precio válido a partir de Tipo de ítem Koha
    Dewey Decimal Classification Excluido de préstamo   Patrimonio Dominicano Biblioteca Nacional Pedro Henríquez Ureña Biblioteca Nacional Pedro Henríquez Ureña En catalogación 04.09.2023 donación   BNPHU PD 150 P974d 2023-5617 04.09.2023 04.09.2023 Libro

Con tecnología Koha